000 00649nam a2200217Ia 4500
001 8824
003 GE_BSU
008 181216s||||||||xx |||||||||||||| ||und||
040 _cGE_BSU
080 _a821.353.1-1
100 _aკალანდაძე, ანა
245 _aლექსები
245 _cრედ:ნ.აბესაძე;მხატვ.რედ:დ.დუნდუა
260 _aთბილისი
260 _bსაბჭოთა საქართველო
260 _c1985
300 _a384გვ,18სმ
300 _b1 ფ. პორტრ.
653 _aლექსები
942 _cBK
999 _c42132
_d42132